000 00232nam a2200109Ia 4500
008 190912s9999||||xx |||||||||||||| ||und||
100 _aManiza Naqvi
245 0 _aOn Air
260 _aUK
_bAddision
_c2000
300 _a162
942 _cBK
999 _c7552
_d7552